000 01170nam a2200313 4500
001 43454
003 BD-RJUL
005 20211209053711.0
008 160622s1971 nyu bs i100 0 eng
035 _aBD-RJUL 43572
035 _a(OCoLC)00584893
035 _aGLIS00146268
040 _aDLC
_cDLC
_dm.c.
_dMYG
_beng
041 _aeng
082 _223
_a331.11
_bINV 1971
090 _aHD5764.A6
_bI62
099 _aHD5764.A6.I62
245 0 0 _aInvestment in human resources and manpower planning;
_bpapers presented to the eighth session of senior economic advisers to ECE governments /
260 _aNew York :
_bUnited Nations,
_c1971.
300 _av, 165 p. :
_bill. ;
_c28 cm.
490 1 _a[United Nations. Documents]
_vE/ECE/ECON.ADVISERS/3
500 _a"United Nations publication. Sales number: E.71.II.E.11."
504 _aIncludes bibliographical references.
650 0 _aManpower policy
_zEurope
_vCongresses.
_9133448
650 0 _aLabor supply
_zEurope
_vCongresses.
_9133449
710 2 _aUnited Nations.
_bEconomic Commission for Europe.
_9132555
830 0 _aDocument (United Nations) ;
_vE/ECE/ECON.ADVISERS/3.
_9133450
942 _2ddc
_cBK
999 _c43454
_d43454